Jeden z Dziesięciu - trudne pytania #07 - Statystyki

Ogólne statystyki
  • Ten quiz został rozwiązany 24 razy
  • Średni wynik to 8 z 20
Statystyki odpowiedzi
Pytania Odpowiedź % Poprawnych
Kim był Franz Xaver Mozart dla Wolfganga Amadeusza Mozarta? synem
83%
Którym miesiącem w kalendarzu muzułmańskim jest ramadan? dziewiątym
70%
Ilu jeźdźców znajduje się na obrazie Patrol powstańczy Maksymiliana Gierymskiego? czterech
61%
Jakie kolory składają się na cykl Trzy kolory Krzysztofa Kieślowskiego? Niebieski, Biały, Czerwony
57%
Co wydobywano w kopalni w Wapnie w powiecie wągrowieckim, która uległa zalaniu w 1977 r.? sól
57%
Nad którą rzeką leży Kalisz? nad Prosną
43%
Imieniem którego polskiego polityka nazwano dziedziniec w budynku Parlamentu Europejskiego w Strasbugu? Bronisława Geremka
39%
Jak nazywa się przypadłość medyczna polegająca na obecności dodatkowego palca? polidaktylia
39%
Jak nazywa się noszony przy mundurze galowym ozdobny, pleciony sznur noszony na ramieniu? akselbant
35%
Jak nazywa się stop metali, którego podstawowym składnikiem jest rtęć? amalgamat
35%
Bohaterami której powieści Johna Steinbecka są Caleb i Aaron? Na wschód od Edenu
35%
Jak nazywa się odpowiednik sierżanta w kawalerii? wachmistrz
35%
Ile wynosi wysokość bramki w piłce nożnej? 2,44 metra
30%
Gdzie znajdowął się pan Balcer, wedle tytułu poematu Marii Konopnickiej? w Brazylii
30%
Jak nazywa się wzrost siły nabywczej pieniądza? aprecjacja
26%
Jak nazywał się wiersz Julaina Tuwima, z którego pochodzi cytat Niech prawo zawsze prawo znaczy/A sprawiedliwość – sprawiedliwość… Kwiaty polskie
26%
Czym są występujące w Wigierskim Parku Narodowym suchary? jeziorami
26%
Rodzajem czego jest żak, jeśli nie chodzi o dawne określenie ucznia? sieci rybackiej
26%
Jak nazywa się węgierski kompozytor, twórca Zamku Sinobrodego? Béla Bartók
22%
Jak nazywa się rzeka powstała przez złączenie Tygrysu i Eufratu? Szatt-al-Arab
13%
Nie znaleziono quizów pasujących do podanych kryteriów
Rozkład punktacji
Procent ludzi z każdym wynikiem
Percentyl według liczby udzielonych odpowiedzi
Twoja historia wyników
Nie rozwiązałeś tego quizu